[Event "Titled Tuesday intern op 20th Feb Late"]
[Site "Chess.com INT"]
[Date "2024.02.20"]
[Round "3"]
[White "Jiganchine, Roman"]
[Black "Goncalves, Samuel Jesus P"]
[Result "1-0"]
[WhiteElo "2205"]
[BlackElo "2219"]
[PlyCount "105"]
[EventDate "2024.02.20"]
[EventType "swiss (blitz)"]
[EventRounds "11"]
[EventCountry "USA"]
[SourceTitle "EXT 2025"]
[Source "ChessBase"]
[SourceDate "2024.10.14"]
[SourceVersion "1"]
[SourceVersionDate "2024.10.14"]
[SourceQuality "1"]

1. e4 g6 2. d4 Bg7 3. Nc3 d5 4. Nf3 dxe4 5. Nxe4 Nf6 6. Nxf6+ exf6 7. h4 Bg4 8. c3 0-0 9. Be3 Nd7 10. Qb3 Nb6 11. 0-0-0 a5 12. a4 Nd5 13. h5 Bxh5 14. Bd2 c6 15. Rxh5 gxh5 16. Bd3 b5 17. Nh4 Rb8 18. Nf5 bxa4 19. Qxa4 Qb6 20. Qa2 Qb3 21. Qxb3 Rxb3 22. Bc2 Rb7 23. Rh1 Rfb8 24. b3 Ne7 25. Nd6 Rd7 26. Bf4 Rbd8 27. Nc4 Ng6 28. Be3 h4 29. Bf5 Rd5 30. Be4 Rb5 31. Kc2 f5 32. Bxc6 Rbb8 33. Ra1 f4 34. Bd2 Rbc8 35. Bf3 Ne7 36. Rxa5 Nf5 37. Rxf5 Re8 38. Rxf4 Bf6 39. Rg4+ Kf8 40. Nd6 Red8 41. Nxc8 Rxc8 42. Kd3 Ke7 43. c4 Rc7 44. d5 Ra7 45. Bc3 Ra3 46. Bxf6+ Kxf6 47. Kc3 Ra2 48. Rxh4 Rxf2 49. Rxh7 Kg6 50. Rh4 Rf1 51. Rg4+ Kf5 52. Rg8 Rc1+ 53. Kb2 1-0

[Event "Titled Tuesday intern op 20th Feb Late"]
[Site "Chess.com INT"]
[Date "2024.02.20"]
[Round "1"]
[White "Jiganchine, Roman"]
[Black "Taboas Rodriguez, Daniel"]
[Result "1-0"]
[WhiteElo "2205"]
[BlackElo "2360"]
[PlyCount "57"]
[EventDate "2024.02.20"]
[EventType "swiss (blitz)"]
[EventRounds "11"]
[EventCountry "USA"]
[SourceTitle "EXT 2025"]
[Source "ChessBase"]
[SourceDate "2024.10.14"]
[SourceVersion "1"]
[SourceVersionDate "2024.10.14"]
[SourceQuality "1"]

1. Nf3 Nf6 2. c4 g6 3. Nc3 Bg7 4. e4 d6 5. d4 0-0 6. Be2 e5 7. 0-0 Nc6 8. d5 Ne7 9. b4 Nh5 10. Re1 f5 11. Ng5 Nf6 12. Bf3 fxe4 13. Ncxe4 Nxe4 14. Bxe4 Nf5 15. c5 Nd4 16. Be3 Bf5 17. Rc1 Bxe4 18. Nxe4 Qh4 19. Bxd4 exd4 20. g3 Qh6 21. cxd6 cxd6 22. Qg4 d3 23. Rc7 Rae8 24. Rd1 Re5 25. Rxd3 Ref5 26. f4 Rh5 27. Qe6+ Kh8 28. h4 Rxh4 29. gxh4 1-0

[Event "Titled Tuesday intern op 20th Feb Late"]
[Site "Chess.com INT"]
[Date "2024.02.20"]
[Round "6"]
[White "Mendez Fortes, Eduardo Jesus"]
[Black "Jiganchine, Roman"]
[Result "1-0"]
[WhiteElo "2231"]
[BlackElo "2205"]
[PlyCount "81"]
[EventDate "2024.02.20"]
[EventType "swiss (blitz)"]
[EventRounds "11"]
[EventCountry "USA"]
[SourceTitle "EXT 2025"]
[Source "ChessBase"]
[SourceDate "2024.10.14"]
[SourceVersion "1"]
[SourceVersionDate "2024.10.14"]
[SourceQuality "1"]

1. d4 d5 2. c4 e6 3. Nf3 Nf6 4. g3 h6 5. Bg2 Bd6 6. 0-0 0-0 7. Nbd2 Nc6 8. a3 Re8 9. b4 dxc4 10. Nxc4 a5 11. b5 Nb8 12. Rb1 Nbd7 13. Qc2 Nb6 14. Rd1 Nxc4 15. Qxc4 a4 16. Bb2 Bd7 17. Qd3 Bf8 18. e4 Qb8 19. d5 Be7 20. Ne5 exd5 21. exd5 Bd6 22. Nxd7 Nxd7 23. Re1 Qa7 24. Bh3 Nf8 25. Qc3 f6 26. Kg2 Qc5 27. Qd3 Rad8 28. Bf5 h5 29. Rec1 Qb6 30. Bd4 Qa5 31. b6 cxb6 32. Bxb6 Qa6 33. Qxa6 bxa6 34. Bxd8 Rxd8 35. Rb7 Bxa3 36. Rcc7 Bd6 37. Rxg7+ Kh8 38. Rgf7 a3 39. Bb1 Be5 40. f4 Bd4 41. Kf3 1-0

[Event "Titled Tuesday intern op 20th Feb Early"]
[Site "Chess.com INT"]
[Date "2024.02.20"]
[Round "3"]
[White "Vargas Benavides, Mauricio"]
[Black "Jiganchine, Roman"]
[Result "0-1"]
[WhiteElo "1957"]
[BlackElo "2205"]
[PlyCount "64"]
[EventDate "2024.02.20"]
[EventType "swiss (blitz)"]
[EventRounds "11"]
[EventCountry "USA"]
[SourceTitle "EXT 2025"]
[Source "ChessBase"]
[SourceDate "2024.10.14"]
[SourceVersion "1"]
[SourceVersionDate "2024.10.14"]
[SourceQuality "1"]

1. e4 c6 2. Nc3 d5 3. d3 dxe4 4. Nxe4 Nf6 5. Qe2 Nxe4 6. Qxe4 Qd5 7. Qe3 Bg4 8. Be2 Bxe2 9. Nxe2 e6 10. Nf4 Qa5+ 11. Bd2 Qd8 12. 0-0 Nd7 13. Bc3 Bc5 14. d4 Be7 15. Nh5 Bf6 16. Nxf6+ Nxf6 17. Qg5 0-0 18. Rad1 Nd5 19. Qg3 a5 20. Bd2 Qf6 21. Bg5 Qg6 22. c4 Nb4 23. a3 Na6 24. Qe3 h6 25. Bf4 Rfd8 26. c5 Rd5 27. Rfe1 Rad8 28. Bd6 a4 29. Qf4 Rd7 30. Re3 Rf5 31. Qh4 Rh5 32. Qg3 Rg5 0-1